000 00676nam a2200193 4500
001 108923
003 ES-MaACL
005 20230906184735.0
007 t|
008 061121s1968 sp r ||||1| spa d
100 1 _aMoore, Carl V.
_982801
245 1 0 _aProgresos de hematología /
_cdirectores Carl V. Moore y Elmer B. Brown . traducción Juan Colom y Bragulat , revisada M. Miserachs Rigalt.
260 _aBarcelona [etc.] :
_bCientífico-Médica,
_c1968-1972.
300 _a2 vol. :
_bil ;
_c24 cm.
700 1 _aBrown, Elmer B.
_931986
700 0 _aColom Bragulat, Juan.
_939794
700 1 _aMiserachs Rigalt, Manuel.
_981647
852 _aES-MaACL
_jC-1539
_bR.68734
999 _c108923
_d108923